Decompasizione termica comparativa di alcuni monosaccaridi, oligosaccaridi e polisaccaridi /

Hlavní autor: Cerniani, Ado
Jazyk: Italština
Vydáno: Trieste : Smolars, 1951
Edice: Pubblicazioni delle Facoltà di scienze e d'ingegneria dell'Università di Trieste
Fyzický popis: s. 455-464
Knihy
Uloženo v:
LEADER 00826nam a22002172a 4500
001 001706291
003 CZ BrMZK
005 20231020070436.0
007 ta
008 190911s1951 it er|||||||||||ita d
040 |a BOA001  |b cze  |e aacr2 
100 1 |a Cerniani, Ado  |4 aut 
245 1 0 |a Decompasizione termica comparativa di alcuni monosaccaridi, oligosaccaridi e polisaccaridi /  |c Ado Cerniani 
260 |a Trieste :  |b Smolars,  |c 1951 
300 |a s. 455-464 
490 1 |a Pubblicazioni delle Facoltà di scienze e d'ingegneria dell'Università di Trieste. Serie B ;  |v 92 
830 0 |a Pubblicazioni delle Facoltà di scienze e d'ingegneria dell'Università di Trieste 
910 |a BOA001  |b X-0293.569 
990 |a BK 
991 |b 201909 
996 7 |b 2618810739  |c X-0293.569  |l MZK  |r Sklad / do 24 hodin  |n 0  |w 001754001  |u 000010  |a 1  |e BOA001  |j MZK50  |s A